Statystyki dla Skoki narciarskie - rekordy skoczni

Kliknij tutaj aby rozwiązać quiz!

Ogólne statystyki

  • Ten quiz został rozwiązany 81 razy
  • Średni wynik to 15 z 24

Statystyki odpowiedzi

SkoczniaRekord% Poprawnych
Vikersund HS240253,5m
94%
Oslo HS134144m
81%
Innsbruck HS128138m
78%
Bad Mitterndorf HS235244m
75%
Planica HS240252m
75%
Bischofshofen HS142145m
74%
Willingen HS147155,5m
72%
Trondheim HS138140m
68%
Sapporo HS137148,5m
68%
Lahti HS130138m
67%
Lillehammer HS140146m
67%
Zakopane HS140147m
67%
Garmisch-Partenkirchen HS142144m
64%
Oberstdorf HS137143,5m
62%
Oberstdorf HS235242,5m
59%
Lake Placid HS128136m
58%
Titisee-Neustadt HS142148m
58%
Engelberg HS140144m
55%
Kuusamo HS142150,5m
54%
Klinghental HS140146,5m
52%
Wisła HS134144,5m
51%
Rasnov HS97103m
49%
Lillehammer HS98107,5m
43%
Szczyrk HS104101m
26%

Rozkład punktacji

Percentyl według liczby udzielonych odpowiedzi

Procent ludzi z każdym wynikiem

Twoja historia wyników

Nie rozwiązałeś tego quizu